Statistics for Biggest US Cities without an A - Hard

Click here to take the quiz!

General Stats

  • This quiz has been taken 230 times
  • The average score is 45 of 97

Answer Stats

#PopUS StateUS City% Correct
18'550'000NYNew York City
99%
22'296'000TXHouston
98%
31'563'000AZPhoenix
96%
6683'000CODenver
96%
8667'000MABoston
96%
7677'000MIDetroit
93%
9656'000TNMemphis
90%
13353'000HIHonolulu
90%
4850'000OHColumbus
89%
40201'000GAColumbus
89%
19304'000PAPittsburgh
86%
10615'000KYLouisville
86%
5833'000TXFort Worth
85%
11532'000AZTucson
84%
30241'000NVReno
81%
34218'000IDBoise
79%
36210'000IADes Moines
77%
12520'000CAFresno
74%
93110'000VARichmond
74%
33220'000VARichmond
74%
53167'000MOSpringfield
73%
59154'000MASpringfield
73%
81117'000ILSpringfield
73%
14324'000TXCorpus Christi
65%
41198'000ARLittle Rock
65%
23277'000NELincoln
65%
50179'000RIProvidence
63%
43194'000ALMobile
61%
17314'000KYLexington
61%
87112'000MNRochester
61%
37210'000NYRochester
61%
39201'000ALMontgomery
60%
24264'000NJJersey City
60%
22280'000OHToledo
57%
21285'000NCGreensboro
56%
45185'000TNKnoxville
55%
27249'000TXLubbock
54%
42197'000LAShreveport
53%
15322'000CARiverside
52%
29246'000VANorfolk
50%
84115'000UTProvo
50%
55163'000OREugene
49%
20286'000NVHenderson
48%
92110'000MTBillings
47%
96107'000COBoulder
46%
18306'000CAStockton
45%
47184'000TXBrownsville
45%
38201'000NYYonkers
45%
64148'000CTBridgeport
42%
26257'000CAIrvine
41%
44191'000ALHuntsville
40%
57161'000COFort Collins
40%
46185'000MAWorcester
39%
48182'000VANewport News
37%
35211'000CAModesto
36%
51176'000AZTempe
36%
83116'000NCWilmington
35%
62148'000ILRockford
35%
31237'000TXIrving
35%
94109'000COPueblo
31%
73129'000CAConcord
30%
63148'000ILJoliet
30%
28248'000AZGilbert
30%
32232'000CAFremont
29%
68140'000WABellevue
28%
90111'000MALowell
27%
79117'000MOIndependence
26%
100103'000NJEdison
26%
75127'000WAKent
25%
99104'000TXTyler
23%
78121'000CABerkeley
23%
67141'000TXKilleen
23%
65145'000TXMesquite
21%
70132'000MISterling Heights
21%
61150'000FLHollywood
21%
58154'000TXFrisco
21%
56163'000TXMcKinney
20%
95108'000WAEverett
20%
88112'000ILElgin
19%
60152'000CAEscondido
18%
74128'000AZSurprise
18%
76126'000TNMurfreesboro
18%
71131'000TXDenton
18%
82116'000TXRound Rock
17%
66141'000CAFullerton
16%
52167'000CAElk Grove
16%
69133'000COThornton
15%
91110'000NCHigh Point
15%
54167'000FLPembroke Pines
13%
86113'000CAWestminster
12%
80117'000CAEl Monte
12%
89112'000CAInglewood
11%
72130'000CARoseville
11%
77122'000CAVictorville
10%
85114'000CADowney
8%
97104'000CAClovis
7%
98104'000TXLewisville
7%

Score Distribution

Percentile by Number Answered

Percent of People with Each Score

Your Score History

You have not taken this quiz